000804283 001__ 804283 000804283 005__ 20251015142703.0 000804283 0247_ $$2ISSN$$a1996-1073 000804283 0247_ $$2datacite_doi$$a10.18154/RWTH-2020-10172 000804283 037__ $$aRWTH-2020-10172 000804283 041__ $$aEnglish 000804283 082__ $$a620 000804283 1001_ $$0P:(DE-82)IDM01282$$aPonci, Ferdinanda$$b0$$eEditor$$urwth 000804283 245__ $$aSpecial Issue "Monitoring and Control of Active Electrical Distribution Grids and Urban Energy Grids"$$cSpecial Issue Editor: Prof. Dr. Ferdinanda Ponci, Guest Editor$$honline 000804283 260__ $$aBasel$$bMDPI$$c2020 000804283 3367_ $$01$$2EndNote$$aBook 000804283 3367_ $$0PUB:(DE-HGF)3$$2PUB:(DE-HGF)$$aBook$$bbook$$mbook 000804283 3367_ $$2BibTeX$$aBOOK 000804283 3367_ $$2DRIVER$$abook 000804283 3367_ $$2DataCite$$aOutput Types/Book 000804283 3367_ $$2ORCID$$aBOOK 000804283 591__ $$aGermany 000804283 773__ $$0PERI:(DE-600)2437446-5$$tEnergies : open-access journal of related scientific research, technology development and studies in policy and management$$x1996-1073$$y2020 000804283 8564_ $$uhttps://www.mdpi.com/journal/energies/special_issues/Active_Electrical_Distribution_Grids$$yFulltext 000804283 909CO $$ooai:publications.rwth-aachen.de:804283$$pVDB$$qopenaire$$qopen_access$$qdriver$$qdnbdelivery 000804283 9101_ $$0I:(DE-588b)36225-6$$6P:(DE-82)IDM01282$$aRWTH Aachen$$b0$$kRWTH 000804283 9141_ $$y2020 000804283 915__ $$0LIC:(DE-HGF)PublisherOA$$2HGFVOC$$aFree to read 000804283 915__ $$0StatID:(DE-HGF)0510$$2StatID$$aOpenAccess 000804283 9201_ $$0I:(DE-82)616520_20160614$$k616520$$lLehr- und Forschungsgebiet Monitoring und verteilte Kontrolle für Energiesysteme$$x0 000804283 961__ $$c2020-10-19T12:29:06.947580$$x2020-10-19T12:29:06.947580$$z2020-10-19T12:29:06.947580 000804283 980__ $$aI:(DE-82)616520_20160614 000804283 980__ $$aUNRESTRICTED 000804283 980__ $$aVDB 000804283 980__ $$abook